00546nam a2200181Ia 4500008004100000020001800041082000800059100002300067245006700090250000600157260003300163300001500196500002400211650001500235942000700250952009000257999001700347230524s9999 xx 000 0 und d a9788126547463 bWAL aAndy Walker942573 0aSolar Energy : Technologies and Project Delivery for Buildings a1 aNew DelhibWiley Indiac2014 a"VI,295p;" aQuantity Number: 1 aElectrical cBK 00104070aTATCLbTATCLcGENd2023-05-24l0o WALp54005r2023-05-24w2023-05-24yBK c57533d57533